000
00228nam a2200097Ia 4500
005
20251222114344.0
008
251222s1900||||xx |||||||||||||| ||spa||
082
_a
DVD0093/C76F/2004
245
0
_a
Colegios Fe y AlegrÃa :
942
_c
DVD
999
_c
959
_d
959